000 00316nam a2200109 a 4500
005 20201002044930.0
008 140404s1972 000 spa d
100 _aChateaubriand, Francois-Rene
_971529
245 0 _aAtala Rene : el Ășltimo abencerraje.
260 _aMadrid -- Libra,
_c1972 -- 170 p.
999 _c43201
_d43201
040 _aDO-SdBNP